Counties of the Thirteen Colonies/United States in 1776 - Statistics

General Stats
  • This quiz has been taken 597 times
  • The average score is 57 of 203
Answers on the Map
Answers color-coded by a green-red scale on the quiz's map according to % correct below.
 
Answer Stats
State County % Correct
Lower Counties on Delaware | Maryland | Rhode Island and Providence Plantations Kent
81%
New York New York
71%
Maryland Charles
60%
Massachusetts Bay | Pennsylvania | Virginia York
60%
Pennsylvania Philadelphia
57%
New York | Virginia Richmond
57%
Rhode Island and Providence Plantations Providence
56%
New York Queens
56%
Lower Counties on Delaware | New Jersey | Virginia Sussex
54%
New York Albany
53%
Massachusetts Bay | New Jersey | Virginia Essex
53%
Massachusetts Bay | New York Suffolk
53%
Connecticut Hartford
52%
South Carolina Charleston
51%
New York | Rhode Island and Providence Plantations Kings
51%
Virginia Norfolk
51%
Maryland Baltimore
50%
Connecticut New Haven
48%
Massachusetts Bay Plymouth
48%
Maryland | Massachusetts Bay Worcester
48%
Massachusetts Bay Nantucket
45%
Massachusetts Bay | Virginia Hampshire
44%
Massachusetts Bay | New Jersey | Virginia Middlesex
42%
Lower Counties on Delaware New Castle
42%
Pennsylvania Berks
41%
Massachusetts Bay | Rhode Island and Providence Plantations Bristol
39%
Pennsylvania Chester
39%
New Jersey | New York | Virginia Gloucester
39%
Pennsylvania | Virginia Lancaster
39%
New Jersey Salem
39%
Georgia St. George
39%
Connecticut New London
38%
Rhode Island and Providence Plantations Newport
38%
New York | North Carolina | Virginia Orange
38%
New York Westchester
38%
Massachusetts Bay Barnstable
37%
Massachusetts Bay Berkshire
36%
New York | Virginia Charlotte
36%
Massachusetts Bay | New Jersey | New York | +3 others Cumberland
36%
Virginia Prince William
36%
North Carolina | Pennsylvania | Virginia Northampton
35%
North Carolina Pitt
35%
New Jersey Burlington
34%
Connecticut Fairfield
34%
Virginia Augusta
33%
New Jersey Bergen
33%
New Jersey Cape May
33%
Maryland | New Jersey Somerset
33%
Virginia Prince George
32%
Virginia Fairfax
31%
Maryland | Virginia Frederick
31%
New Jersey Monmouth
31%
Pennsylvania Bucks
30%
Massachusetts Bay Dukes
30%
Virginia Southampton
30%
Massachusetts Bay Lincoln
29%
Connecticut Litchfield
29%
Maryland Anne Arundel
28%
Pennsylvania | Virginia Bedford
28%
South Carolina Camden
28%
North Carolina | Virginia Mecklenburg
28%
Pennsylvania | Virginia Northumberland
27%
Georgia St. Mary
27%
New Hampshire Cheshire
26%
Virginia Stafford
26%
New York Ulster
25%
North Carolina | Virginia Brunswick
24%
Maryland | Virginia Caroline
24%
Virginia Hanover
24%
Virginia Isle of Wight
24%
Virginia King George
24%
New Jersey Morris
24%
New Hampshire Rockingham
24%
North Carolina | Virginia Surry
24%
North Carolina Wake
24%
Pennsylvania | Virginia Westmoreland
24%
Virginia Accomack
23%
Virginia Buckingham
22%
Maryland Cecil
22%
Virginia King and Queen
22%
Virginia Loudoun
22%
Connecticut Windham
22%
North Carolina Chatham
21%
Virginia Chesterfield
21%
New York Dutchess
21%
Virginia Henrico
21%
South Carolina Georgetown
20%
New Hampshire Grafton
20%
Virginia King William
20%
North Carolina New Hanover
20%
North Carolina | South Carolina Beaufort
19%
Maryland Calvert
19%
Virginia Fauquier
19%
New Hampshire Hillsborough
19%
Maryland Talbot
19%
Maryland Dorchester
18%
New Jersey Hunterdon
18%
Maryland Queen Annes
18%
Virginia Albemarle
17%
North Carolina | Virginia Halifax
17%
North Carolina Hertford
17%
Virginia Prince Edward
17%
Maryland Prince Georges
17%
Virginia Spotsylvania
17%
New Hampshire Strafford
17%
Virginia Culpeper
16%
North Carolina Guilford
16%
Virginia James City
16%
Virginia Amelia
15%
Virginia Berkeley
15%
Virginia Charles City
15%
Maryland Harford
15%
Virginia Warwick
15%
Virginia New Kent
14%
Georgia St. John
14%
Maryland St. Marys
14%
Virginia Amherst
13%
North Carolina Anson
13%
North Carolina Currituck
13%
Virginia Dinwiddie
13%
Virginia Goochland
13%
North Carolina Hyde
13%
Virginia Louisa
13%
Virginia Lunenburg
13%
North Carolina Martin
12%
North Carolina Pasquotank
12%
Virginia Pittsylvania
12%
Virginia Princess Anne
12%
North Carolina Tyrrell
12%
North Carolina Bertie
11%
North Carolina Bladen
11%
North Carolina Carteret
11%
North Carolina Craven
11%
North Carolina Onslow
11%
North Carolina Perquimans
11%
Georgia St. James
11%
North Carolina Chowan
10%
North Carolina Granville
10%
North Carolina Johnston
10%
South Carolina Orangeburg
10%
Georgia St. Paul
10%
New York | North Carolina Tryon
10%
Virginia Botetourt
9%
North Carolina Duplin
9%
North Carolina Edgecombe
9%
Georgia St. Andrew
9%
Virginia Fincastle
8%
North Carolina Rowan
8%
Georgia St. Patrick
8%
Virginia Elizabeth City
7%
South Carolina Ninety-Six
7%
Georgia St. Thomas
7%
Virginia Nansemond
6%
Georgia St. David
6%
Georgia St. Matthew
6%
North Carolina Dobbs
5%
Georgia St. Philip
5%
North Carolina Bute
4%
South Carolina Cheraws
4%
Georgia Christ Church
4%
Virginia Dunmore
4%
Virginia West Augusta
4%
No matching quizzes found
Score Distribution
Percent of People with Each Score
Percentile by Number Answered
Your Score History
You have not taken this quiz